=LDR 00000nam 2200000 4500 =001 INLIS000000000011381 =005 20240515124500 =035 ##$$a 0010-0524000761 =007 ta =008 240515###########################0###### =020 ##$$a 979-9449-06-5 =082 ##$$a 320.12 =084 ##$$a 320.12 HUN b =100 #$$a HUNTINGTON, Samuel P =245 1#$$a Benturan Antar Peradaban dan masa Depan Politik Dunia /$c Samuel P. Huntington =250 ##$$a Cet. 12 =260 ##$$a Jakarta :$b Qalam,$c 2012 =300 ##$$a xiii, 601 halaman : $b Tabel ; $c 13,5 x 20 cm$e Bibliografi;Biografi;Indeks =500 ##$$a Polarisasi budaya dan peradaban dunia telah menimbulkan pelbagai prasangka dan stereotip yang sering kali menimbulkan konflik. Pembagian dunia menjadi Timur dan Barat juga menambah rumitnya persoalan tentang dimana sebenarnya kita berpijak, karena kategori Timur dan Barat ternyata tidak hanya ditentukan oleh tempat dan letak geografis, tetapi juga oleh pandangan dunia, aliran politik, peradaban dan kebudyaan yang kita miliki. =600 #4$$a Geopolitik =856 ##$$a OPAC (Rak 4.3) =990 ##$$a 256/SM-17